01052cam a2200277Ia 450000100090000000300060000900500170001500800410003202000270007302400130010004000290011305000190014210000320016124500660019325000250025926000450028430000190032933600240034833700280037233800250040050400600042565000170048594200690050299900190057195201840059037967835OCoLC20250527124051.0971119s1991 enk b 001 0 eng d a0951772309 (paperback) cUSD 6.00 aBPLcBPLbengdNUSTerda aRM666 .A68 WES1 aWestwood, ChristineeAuthor10aAromatherapy :ba guide for home use /cby Christine Westwood aTwenty-third edition aChristchurch, Dorset :bAmberwood,c1991 a46 p. ;c21 cm 2rdamediaatextbtxt 2rdamediaaunmediatedbn 2rdamediaavolumebnc aIncludes bibliographical references (p. 37) and indexes 0xAromatherapy 2lcccBOOKSeTwenty-third edition.hRM666.A68 W47 WESkRMmWESn0 c171580d171580 001040708NFICaMEDICALbMEDICALcGENd2025-04-09eBook Aid Internationalg6.00l0oRM666.A68 W47 WESp92004053508r2025-04-09 12:15:36t60292v6.00w2025-04-09yBOOKSzDonation